Survival / (Record no. 1248)

MARC details
000 -LEADER
fixed length control field 01077cam a22002893a 4500
005 - DATE AND TIME OF LATEST TRANSACTION
control field 20230828111422.0
020 ## - INTERNATIONAL STANDARD BOOK NUMBER
International Standard Book Number 9780439164573
040 ## - CATALOGING SOURCE
Original cataloging agency OCO
Transcribing agency OCO
Modifying agency JED
-- DLC
Language of cataloging eng
050 00 - LIBRARY OF CONGRESS CALL NUMBER
Classification number PZ7.K8369
082 ## - DEWEY DECIMAL CLASSIFICATION NUMBER
Classification number Fic
100 1# - MAIN ENTRY--PERSONAL NAME
Personal name Korman, Gordon.
245 10 - TITLE STATEMENT
Title Survival /
Statement of responsibility, etc. Gordon Korman.
260 ## - PUBLICATION, DISTRIBUTION, ETC.
Place of publication, distribution, etc. New York :
Name of publisher, distributor, etc. Scholastic,
Date of publication, distribution, etc. 2001.
300 ## - PHYSICAL DESCRIPTION
Extent 138 pages :
Dimensions 20 cm
Other physical details Illustrations
490 0# - SERIES STATEMENT
Series statement Island ;
Volume/sequential designation Book 2
500 ## - GENERAL NOTE
General note "An Apple paperback."
505 ## - FORMATTED CONTENTS NOTE
Formatted contents note O <br/>
520 ## - SUMMARY, ETC.
Summary, etc. Juvenile Fiction. Juvenile Literature. HTML:<br/>Six kids. One shipwreck. One desert island.Stranded. Separated. Six kids are stuck on a desert island. They have no food. No shelter. Nobody knows they are lost. They must take from the island in order to survive. But what if they're not alone?
521 ## - TARGET AUDIENCE NOTE
Target audience note 600 <br/><br/>
Source Lexile <br/>
521 ## - TARGET AUDIENCE NOTE
Target audience note O <br/>
Source RAz-Plus <br/>
655 #7 - INDEX TERM--GENRE/FORM
Genre/form data or focus term Adventure fiction.
Source of term gsafd
655 #7 - INDEX TERM--GENRE/FORM
Genre/form data or focus term Children's stories.
Source of term lcsh
906 ## - LOCAL DATA ELEMENT F, LDF (RLIN)
a 7
b cbc
c copycat
d 2
e ncip
f 20
g y-genrareb
942 ## - ADDED ENTRY ELEMENTS (KOHA)
Source of classification or shelving scheme Dewey Decimal Classification
Koha item type Books
Suppress in OPAC No
999 ## -
-- 1248
-- 1248
Holdings
Withdrawn status Lost status Source of classification or shelving scheme Damaged status Not for loan Collection Home library Current library Shelving location Date acquired Total Checkouts Full call number Barcode Date last seen Date last checked out Copy number Price effective from Koha item type
    Dewey Decimal Classification     Juvenile Fiction Footprints International School Library Network Toul Kork Campus Footprints International School Library Network Toul Kork Campus   08/09/2023 1 KOR Fic PZ7.K8369 FISSE00162 08/21/2024 08/14/2024 1 08/09/2023 Books
    Dewey Decimal Classification     Juvenile Fiction Footprints International School Library Network Toul Kork Campus Footprints International School Library Network Toul Kork Campus   08/09/2023   KOR Fic PZ7.K8369 FIS00388 08/28/2023   2 08/09/2023 Books